Sąsiedzi Rosji - Statystyki

Ogólne statystyki
  • Ten quiz został rozwiązany 585 razy
  • Średni wynik to 12 z 14
Statystyki odpowiedzi
Długość granicy Państwo % Poprawnych
210 km Polska
97%
4250 km Chiny
96%
1576 km Ukraina
96%
227 km Litwa
94%
294 km Estonia
93%
6846 km Kazachstan
93%
250 km Łotwa
93%
959 km Białoruś
91%
1340 km Finlandia
90%
3485 km Mongolia
87%
723 km Gruzja
78%
19 km Korea Północna
78%
284 km Azerbejdżan
72%
169 km Norwegia
66%
Nie znaleziono quizów pasujących do podanych kryteriów
Rozkład punktacji
Procent ludzi z każdym wynikiem
Percentyl według liczby udzielonych odpowiedzi
Twoja historia wyników
Nie rozwiązałeś tego quizu